<The> Strategic Management in Terms of an Enterprise’s Technological Development

Strategické smery vývoja technológií strojárstva a ich vplyv na technologický rozvoj priemyslu. Komplexná analýza technologického prostredia podniku a rozvoj technologického potenciálu. Hierarchická štruktúra vybraných podnikov a analyzovanie nasledujúcich ukazovateľov: produkty, spotrebitelia, nehm...

Descrizione completa

Salvato in:
Dettagli Bibliografici
Autore principale: Ivanova, Alla S.
Altri autori: Holionko, Nataliia G., Tverdushka, Tetiana B., Olejarz, Tadeusz, Yakymchuk, Alina Y.
Natura: Capitolo di libro
Lingua:inglese
Soggetti:
Tags: Aggiungi Tag
Nessun Tag, puoi essere il primo ad aggiungerne!!

MARC

LEADER 00000naa a2200000 4500
001 0262816
005 20210329090857.4
041 0 |a eng 
044 |a CZ 
245 1 0 |a <The> Strategic Management in Terms of an Enterprise’s Technological Development  |c Alla S. Ivanova, Nataliia G. Holionko, Tetiana B. Tverdushka, Tadeusz Olejarz, Alina Y. Yakymchuk 
520 |a Strategické smery vývoja technológií strojárstva a ich vplyv na technologický rozvoj priemyslu. Komplexná analýza technologického prostredia podniku a rozvoj technologického potenciálu. Hierarchická štruktúra vybraných podnikov a analyzovanie nasledujúcich ukazovateľov: produkty, spotrebitelia, nehmotný majetok, distribučné kanály a kapitál. Analýza dostupnosti náhradných technológií v rámci modelu „5 konkurenčných síl". 
610 2 0 |a priemysel 
610 2 0 |a podnik 
610 2 0 |a riadenie podnikové 
610 2 0 |a riadenie strategické 
610 2 0 |a rozvoj technický 
610 2 0 |a inovácie technologické 
610 2 0 |a konkurencieschopnosť 
610 2 0 |a technológia výroby 
610 2 0 |a technológie nové 
610 2 0 |a rozvoj podniku 
100 1 |a Ivanova, Alla S. 
700 1 |a Holionko, Nataliia G. 
700 1 |a Tverdushka, Tetiana B. 
700 1 |a Olejarz, Tadeusz 
700 1 |a Yakymchuk, Alina Y.